| 000 | 01712cam a22004574i 4500 | ||
|---|---|---|---|
| 003 | PE-LiUPU | ||
| 005 | 20250731172912.0 | ||
| 008 | 150617s1984 ck r 000 0 spa d | ||
| 035 | _a(Sirsi) a16930 | ||
| 040 |
_aPE-LiUPU _bspa _cPE-LiUPU _erda |
||
| 049 | _aPRUA | ||
| 082 | 0 | 4 |
_a270.8 _bD97 _221 |
| 100 | 1 |
_aDussel, Enrique D., _eautor. |
|
| 245 | 1 | 0 |
_aHistoria de la iglesia en America Latina / _cEnrique D. Dussel. |
| 264 | 1 |
_aBogotá : _bUniversidad Santo Tomás Centro de enseñanza desescolarizada, _c1984. |
|
| 300 |
_a419 páginas ; _c21 centímetros |
||
| 336 |
_atext _2rdacontent |
||
| 337 |
_aunmediated _2rdamedia |
||
| 338 |
_avolume _2rdacarrier |
||
| 504 | _aNotas bibliográficas. | ||
| 505 | 0 | _aDominación-liberación. Un discurso teológico distinto. -La cristiandad de las indias occidentales (1492-1808). -Agonía de la cristiandad colonial (1808-1962). -La iglesia ante la liberación latinoamericana. | |
| 526 | _aSEG42 | ||
| 526 | _aSEG41 | ||
| 526 | _aSEG40 | ||
| 526 | _aSEG39 | ||
| 526 | _aP94 | ||
| 526 | _aP87 | ||
| 526 | _aP86 | ||
| 526 | _aP85 | ||
| 526 | _aP77 | ||
| 526 | _aP76 | ||
| 526 | _aP35 | ||
| 650 | 0 | 4 |
_aIglesia _xHistoria _zAmérica Latina. |
| 910 |
_ajck _bjvq _cjck _d20150616 |
||
| 942 |
_2ddc _cBOOK |
||
| 949 |
_a270.8 D97 _wDEWEY _c1 _i32522 _lCCODEBUL1 _mBUL _p22.00 _r0 _sY _tBOOK _u19920923 _xTEOLOGIA _PP35 _0COMPRA _o.STAFF. Colección Teología |
||
| 994 |
_aC0 _bPEPRU |
||
| 596 | _a1 | ||
| 999 |
_a270.8 D97 _wDEWEY _c16453 _i32522 _d16453 _e2017-11-29 _f2021-11-11 _g6 _lCCODEBUL1 _mBUL _n1 _p22.00 _r0 _sY _tBOOK _u2015-6-17 _xTEOLOGIA _PP35 _0COMPRA _o.STAFF. Colección Teología |
||
| 980 |
_81 _gALBERTO SANCHEZ Responsable de Automatización |
||